00361nam a2200133Ia 4500008004000000020001800040082001600058100004300074245003600117250000500153260003800158300001400196650001700210210210b1972 xxu||||| |||| 00| 0 eng d a0 395 24422 6 a338.52 WATP aWATSON (Donald S) and HOLMAN (Mary A). aPrice theory and its uses. Ed.4 a aBostonbHoughton Mifflin Coc1972 axviii,445 aPrice theory